LEADER 01317nam0 2200277 i 450 001 SUN0068816 005 20090414120000.0 100 $a20090409d1978 |0itac50 ba 101 $aita 102 $aIT 105 $a|||| ||||| 200 1 $aProblemi di metrica classica$emiscellanea filologica 205 $aGenova : Università$bFacoltà di lettere$bIstituto di filologia classica e medievale$b1978 210 $d222 p. ; 21 cm 215 $aRelazioni presentate al Congresso tenuto a Genova nel 1976. 410 1$1001SUN0068817$12001 $aPubblicazioni dell'Istituto di filologia classica e medievale dell'Università di Genova$v47$1210 $aGenova$cIstituto di filologia classica e medievale. 620 $dGenova$3SUNL000035 676 $a486$v21 712 02$aGiornate filologiche genovesi$c4.$f1976$3SUNV054423 712 $aUniversità degli studi di Genova$3SUNV002882$4650 801 $aIT$bSOL$c20181109$gRICA 912 $aSUN0068816 950 $aUFFICIO DI BIBLIOTECA DEL DIPARTIMENTO DI LETTERE E BENI CULTURALI$d07 CONS Xa 1760 $e07 1975 995 $aUFFICIO DI BIBLIOTECA DEL DIPARTIMENTO DI LETTERE E BENI CULTURALI$bIT-CE0103$h1975$kCONS Xa 1760$oc$qa 996 $aProblemi di metrica classica$9171273 997 $aUNICAMPANIA